00969nam a2200265Ia 450000500170000000800410001702000180005810000310007624501350010725000180024230000480026065000420030865000410035065000570039170000280044870000310047694200150050726400320052233600270055433700330058133800280061404000350064208400110067799900150068820220317001501.0161108s2005 s a j 000 j s  a97884729030291 aGil Vila, María Ángels10aAnoche hablé con la lunacescrito por Maria Ángels Gil Vila ; ilustrado por Mabel Piérola ; traducido por Juliá de Jódar a1a. edición a32 páginasbilustraciones en colorc33 cm142LEMBaCuentos iInfantiles españoles142LEMBaLiteratura infantil española142LEMBaDesarrollo de la personalidad en la literatura1 aPiérola, Mabel9740361 aJódar, Juliá de974033 2loccBKLIT aBarcelonabBellaterrac2005 atextobtxt2rdacontent asin mediaciónbn2rdamedia avolumenbnc2rdacarrier aCO-BoRNBPbspaerdacCO-BoRNBP aC GIL5 c7118d7118